[Event "WJCC U20 Girls 2019"]
[Site "New Delhi"]
[Date "2019.10.16"]
[Round "2.15"]
[White "Dwilewicz, Katarzyna"]
[Black "Arpita, Mukherjee"]
[Result "0-1"]
[WhiteElo "2106"]
[BlackElo "2271"]
[Annotator "TA"]
[PlyCount "80"]
[EventDate "2019.10.15"]
[EventType "swiss"]
[EventCountry "IND"]
[SourceTitle "playchess.com"]
[Source "ChessBase"]
[SourceQuality "1"]

{[%evp 12,80,26,30,29,31,36,40,29,36,25,42,42,37,48,10,7,22,28,0,0,0,38,43,29,-6,-22,0,0,-285,-280,-273,-272,-283,-271,-301,-97,-107,-111,-106,-87,-216,-211,-207,-208,-224,-218,-238,-215,-249,-241,-233,-236,-234,-242,-224,-218,-335,-335,-333,-325,-783,-775,-741,-708,-1010,-1025,-954,-954,-29989,-29990]} 1. e4 c5 2. Nf3 d6 3. d4 cxd4 4. Nxd4 Nf6 5. Nc3 a6 6. h3 e6 7. g4 Nfd7 {B81: Sicilian Scheveningen: Keres Attack} (7... h6 8. Bg2 g5 9. Be3 Nbd7 10. Qe2 Ne5 11. O-O-O Nfd7 12. h4 Rg8 13. hxg5 hxg5 14. Kb1 b5 15. f4 gxf4 16. Bxf4 Bb7 {½-½ (56) Karjakin,S (2773)-Mamedyarov,S (2801) Saint Louis 2018}) 8. g5 Be7 9. h4 $146 ({Predecessor:} 9. Be3 b5 10. a3 Bb7 11. Qd2 Nc6 {1-0 (22) Zemlyanov,S (2404)-Sawicki,W (2225) ICCF email 2012}) 9... b5 {White is slightly better.} 10. a3 Bb7 11. Be3 Nc6 12. Qd2 Qc7 13. O-O-O b4 14. axb4 Nxb4 15. Kb1 Nc5 $1 16. f3 $1 Rc8 17. h5 Qa5 18. Bc4 {Hoping for g6!} (18. Nb3 {feels hotter.} Nxb3 19. cxb3 d5 20. Na4 Rc6 21. Qd4) 18... Nxe4 $1 19. fxe4 Rxc4 20. g6 $2 {[%mdl 8192] [#]} (20. Nb3 $11 Qc7 21. g6 $1 {[%mdl 512]} fxg6 22. hxg6) 20... Bxe4 $1 $19 {[%mdl 576] Double Attack} 21. gxf7+ (21. Nxe4 Qa2+) 21... Kxf7 22. Rhf1+ Bf6 23. Nb3 Bxc2+ $2 (23... Qe5 $19 24. Bd4 Bxc2+ {[%mdl 64] Double Attack} 25. Ka1 Rxd4 26. Qxd4 Qxd4 27. Rxd4 Rb8) 24. Qxc2 $17 Nxc2 25. Nxa5 Rxc3 26. Bd4 (26. Ba7 $17 Rcc8 27. Rxd6) 26... Rcc8 $1 $19 (26... Nxd4 27. bxc3 Nf5 28. Rd3) 27. Bxf6 gxf6 28. Rxd6 {[#]} f5 $1 29. Rxa6 Ne3 30. Rf3 Nd5 31. Nc6 Rhg8 32. b4 f4 33. b5 Rg3 {aiming for ...Rxc6.} 34. Kb2 (34. Raa3 {keeps fighting.} Rcg8 35. Kc2) 34... Rxc6 ({Don't play} 34... Rxf3 35. Ne5+ Kf6 36. Nxf3) 35. Ra7+ Rc7 {[#]} 36. b6 $2 (36. Rxf4+ $1 {[%mdl 512]} Nxf4 37. Rxc7+ Kf6 38. b6) 36... Rxa7 ({Inferior is} 36... Rxf3 37. Rxc7+ Kf6 38. b7 $11) 37. bxa7 Rg8 ({Less strong is} 37... Rxf3 38. a8=Q $17) 38. Rb3 Ra8 39. Rb7+ Kf6 40. Rxh7 f3 {Accuracy: White = 56%, Black = 66%.} 0-1

[Event "WJCC U20 Girls 2019"]
[Site "New Delhi"]
[Date "2019.10.16"]
[Round "2.16"]
[White "Ferkova, Dominika"]
[Black "Protopopova, Anastasiya"]
[Result "1/2-1/2"]
[WhiteElo "2096"]
[BlackElo "2263"]
[Annotator "TA"]
[PlyCount "83"]
[EventDate "2019.10.15"]
[EventType "swiss"]
[EventCountry "IND"]
[SourceTitle "playchess.com"]
[Source "ChessBase"]
[SourceQuality "1"]

{[%evp 13,83,0,-2,-10,-13,-14,-1,-4,32,43,26,16,41,43,47,43,61,8,18,23,73,55,114,94,79,71,66,71,66,0,22,9,7,-7,0,-5,-3,-5,-5,0,0,0,0,-4,0,0,0,-9,20,24,26,18,18,20,13,14,47,14,13,8,8,6,7,0,0,0,0,0,0,0,0,0]} 1. d4 Nf6 2. c4 e6 3. Nc3 Bb4 4. e3 O-O 5. Nge2 d5 6. a3 Be7 7. Ng3 b6 8. Bd3 {E46: Nimzo-Indian: Rubinstein: 4 e3 0-0 5 Ne2 without early Bd3} (8. Be2 Re8 9. O-O Bb7 10. cxd5 exd5 11. b4 Nbd7 12. Qb3 Rb8 13. Bf3 Nf8 14. Nf5 c5 15. Nxe7+ Qxe7 16. Nxd5 Nxd5 17. Bxd5 Bxd5 18. Qxd5 {0-1 (75) Fier,A (2493)-Beerdsen,T (2483) Amsterdam 2017}) 8... c5 9. cxd5 Nxd5 10. O-O cxd4 $146 ({Predecessor:} 10... Ba6 11. Nxd5 exd5 12. Bxa6 Nxa6 13. Nf5 Bf6 14. Rb1 Qd7 15. Ng3 c4 {1-0 (46) Korten,L (2105)-Buckels,V (2250) Goch 2016}) 11. Nxd5 exd5 12. exd4 g6 13. Bh6 Re8 14. Rc1 Bf6 15. Be3 (15. Nh5 $14 Bh8 16. Qf3) 15... Qd6 16. Qc2 {aiming for Qxc8.} Be6 17. Qc7 Qf8 (17... Qxc7 $14 18. Rxc7 Nd7) 18. Bb5 Re7 19. Qf4 Bg7 20. Rc7 a6 21. Ba4 ({White should play} 21. Bd3 $14) 21... Ra7 22. Rxe7 Rxe7 23. Qd6 (23. Rc1 {is more complex.} b5 24. Bc2 Re8 25. Ne2 Rc8 26. h4) 23... Rb7 24. Qxf8+ Kxf8 25. Rc1 b5 26. Bb3 Rb6 27. Ne2 Rc6 28. Nc3 Nd7 29. a4 b4 30. Bxd5 Bxd5 (30... Rxc3 $5 31. bxc3 Bxd5 32. cxb4 Ke7 $11) 31. Nxd5 Rxc1+ 32. Bxc1 Bxd4 33. Nxb4 $11 {[%mdl 4096] Endgame KBN-KBN} Nc5 $1 34. Nc6 Bf6 35. b4 Nxa4 {The position is equal.} 36. Nb8 Ke7 37. Nxa6 Kd7 38. Nb8+ Kc8 39. Na6 Kb7 40. Nc5+ Nxc5 41. bxc5 Kc6 42. Be3 {Accuracy: White = 46%, Black = 55%.} 1/2-1/2

[Event "WJCC U20 Girls 2019"]
[Site "New Delhi"]
[Date "2019.10.16"]
[Round "2.17"]
[White "Priyanka Nutakki"]
[Black "Lakshmi C"]
[Result "1-0"]
[WhiteElo "2248"]
[BlackElo "1859"]
[Annotator "NA"]
[PlyCount "80"]
[EventDate "2019.10.15"]
[EventType "swiss"]
[EventCountry "IND"]
[SourceTitle "playchess.com"]
[Source "ChessBase"]
[SourceQuality "1"]
[TimeControl "40/5400+30:1800+30"]

1. Nf3 Nf6 2. c4 g6 3. b3 Bg7 4. Bb2 d6 5. g3 O-O 6. Bg2 e5 7. O-O Ne8 8. Nc3 f5 9. d3 c6 10. b4 a5 11. b5 Be6 12. Nd2 Kh8 13. Rc1 Nf6 14. Na4 Nfd7 15. Ba3 Nf6 16. Qb3 Rf7 17. bxc6 Nxc6 18. e3 Ra6 19. Nc3 Bf8 20. Nd5 Qc8 21. Rb1 Ne8 22. f4 Bg7 23. Rfc1 Qd8 24. Qd1 g5 25. Kh1 g4 26. e4 Bxd5 27. cxd5 Nd4 28. exf5 exf4 29. gxf4 h5 30. Ne4 Rxf5 31. Ng3 Rf7 32. Nxh5 Qh4 33. Qe1 Qxh5 34. Qxe8+ Bf8 35. Bb2 Kg8 36. Bxd4 g3 37. h3 Qh4 38. Qe6 Ra8 39. Rxb7 Be7 40. Rbc7 Raf8 1-0

[Event "WJCC U20 Girls 2019"]
[Site "New Delhi"]
[Date "2019.10.16"]
[Round "2.18"]
[White "Bhagyashree Patil"]
[Black "Alinasab, Mobina"]
[Result "0-1"]
[WhiteElo "1802"]
[BlackElo "2239"]
[Annotator "TA"]
[PlyCount "102"]
[EventDate "2019.10.15"]
[EventType "swiss"]
[EventCountry "IND"]
[SourceTitle "playchess.com"]
[Source "ChessBase"]
[SourceQuality "1"]

{[%evp 22,118,0,0,12,15,25,30,29,-29,-25,-21,-29,-60,-66,-66,-68,-100,-104,-129,-143,-151,-147,-143,-142,-158,-137,-241,-240,-266,-233,-238,-227,-228,-226,-198,-132,-218,-223,-358,-75,-89,-85,-90,-50,-137,-145,-143,-143,-138,-137,-145,-135,-125,-125,-133,-133,-143,-135,-143,-126,-152,-112,-193,-112,-195,-195,-529,-550,-506,-186,-186,-186,-1057,-186,-1134,-186,-1047,-186,-980,-821,-898,-905,-898,-772,-29972,-29973,-29973,-29974,-29974,-29974,-29973,-29974,-29977,-29974,-29980,-29981,-29981,-29982]} 1. e4 c5 2. Nf3 d6 3. d4 cxd4 4. Nxd4 Nf6 5. Nc3 a6 6. Be3 e5 7. Nb3 Be6 8. Be2 Be7 9. O-O O-O 10. Qd2 Nbd7 11. a4 Rc8 12. a5 Qc7 {B92: Sicilian Najdorf: 6 Be2} 13. Bf3 b5 14. axb6 $1 Nxb6 {White has an edge.} 15. Rxa6 $146 (15. Na5 $142) ({Predecessor:} 15. Na5 Rfd8 16. Nd5 Bxd5 17. Bxb6 Qxb6 18. exd5 Re8 19. Nc6 {½-½ (64) Ly,M (2430)-Ftacnik,L (2543) Gold Coast 2013}) 15... Nc4 $1 $11 {[%csl LRb2,LRd2][%mdl 64] [#] Double Attack} 16. Qc1 Nxb2 17. Qxb2 {And now Nb5 would win.} Qxc3 18. Qxc3 Rxc3 19. Na5 Rfc8 ({Much worse is} 19... Rxc2 20. Nc6 $11) 20. Ra7 Bf8 21. Rd1 Rxc2 22. h3 Ra2 23. Kh2 h6 24. g4 (24. Rd3 $17 {keeps fighting.}) 24... Rc3 $19 {aiming for ...Rxe3.} 25. Kg3 Ra4 26. Nc6 Nxe4+ 27. Kg2 Rxa7 28. Nxa7 Rc4 (28... f5 $19 29. Nb5 Rc6) 29. Nb5 (29. Bxe4 $17 Rxe4 30. Nb5) 29... Nc3 30. Nxd6 (30. Nxc3 $142 Rxc3 31. Bb6) 30... Rc7 $2 ({Weaker is} 30... Nxd1 31. Nxc4 Nxe3+ 32. Nxe3 $17) (30... e4 $19 {has better winning chances.} 31. Bxe4 Rxe4 32. Nxe4 Nxd1) 31. Rd2 Rd7 32. Ne4 {Strongly threatening Rxd7.} Nd5 (32... Rxd2 {keeps more tension.} 33. Bxd2 Nxe4 34. Bxe4 g6 35. Bc6 f5) 33. Kg1 (33. Bxh6 $15 Be7 34. Be3) 33... Nxe3 $17 34. Rxd7 Bxd7 35. fxe3 {[%mdl 4096] Endgame KBB-KBN} Be7 36. Kg2 Kf8 37. Nc3 Bc5 38. e4 Ke7 39. Be2 Be6 40. Kf3 Kd6 41. Nd1 Bd4 42. Ne3 {[#]} (42. h4 $17) 42... g6 (42... Bxe3 $1 $19 43. Kxe3 g5) 43. Bb5 (43. h4 $17) 43... Kc5 $19 44. Be8 $2 (44. Ba4 {is more resistant.}) 44... Bxe3 45. Kxe3 {KB-KB} g5 $2 (45... Kb4 46. h4 g5 47. hxg5 hxg5) 46. Ba4 Kb4 47. Be8 $2 (47. Bd1) 47... Kc3 $2 (47... f6 48. Kf2 Kc5) 48. Bc6 $2 (48. Bb5) 48... Bc4 $2 (48... Kb3 49. Kf2 Kc4) 49. Be8 $2 (49. Ba4) 49... f6 $2 (49... Kb3 50. Bc6 f6) 50. Kf2 $2 (50. Ba4) 50... Kd4 51. Bg6 Bb5 {Played: Bc4-d3} 0-1

[Event "WJCC U20 Girls 2019"]
[Site "New Delhi"]
[Date "2019.10.16"]
[Round "2.19"]
[White "Potluri Supreetha"]
[Black "Diakonova, Ekaterina"]
[Result "0-1"]
[WhiteElo "1767"]
[BlackElo "2231"]
[Annotator "NA"]
[PlyCount "61"]
[EventDate "2019.10.15"]
[EventType "swiss"]
[EventCountry "IND"]
[SourceTitle "playchess.com"]
[Source "ChessBase"]
[SourceQuality "1"]
[TimeControl "40/5400+30:1800+30"]

1. d4 {[%emt 0:00:00]} Nf6 {[%emt 0:00:00]} 2. Nf3 {[%emt 0:00:00]} c5 {[%emt 0:00:00]} 3. d5 {[%emt 0:00:00]} b5 {[%emt 0:00:00]} 4. c4 {[%emt 0:14:24]} g6 $16 {[%emt 0:00:00]} 5. Qc2 {[%emt 0:20:12]} d6 {[%emt 0:00:53]} 6. e4 {[%emt 0:00:39]} Bg7 {[%emt 0:07:41]} 7. cxb5 {[%emt 0:07:01]} a6 {[%emt 0:00:22]} 8. Nc3 {[%emt 0:01:06]} O-O {[%emt 0:01:22]} 9. h3 {[%emt 0:06:40]} Ne8 {[%emt 0:07:06]} 10. bxa6 {[%emt 0:06:24]} f5 {[%emt 0:06:13]} 11. exf5 {[%emt 0:11:46]} Bxf5 {[%emt 0:00:13]} 12. Bd3 {[%emt 0:00:17]} Nxa6 {[%emt 0:02:22]} 13. Bxf5 {[%emt 0:00:13]} Rxf5 {[%emt 0:00:10]} 14. O-O {[%emt 0:04:47]} Nb4 {[%emt 0:07:27]} 15. Qe4 {[%emt 0:14:04]} Nf6 {[%emt 0:03:09]} 16. Qe6+ {[%emt 0:00:13]} Kf8 {[%emt 0:12:46]} 17. Ng5 {[%emt 0:04:49]} Qe8 {[%emt 0:00:14]} 18. f4 {[%emt 0:01:41]} Nc2 {[%emt 0:01:05]} 19. Rb1 Nd4 {[%emt 0:00:32]} 20. Qe1 {[%emt 0:04:39]} h5 {[%emt 0:00:34]} 21. Qd1 {[%emt 0:01:00]} h4 {[%emt 0:10:00]} 22. Qe1 {[%emt 0:00:29]} Nxd5 {[%emt 0:00:37]} 23. Qxh4 {[%emt 0:00:26]} Nxc3 {[%emt 0:04:38]} 24. bxc3 {[%emt 0:00:02]} Ne2+ {[%emt 0:00:02]} 25. Kh2 {[%emt 0:01:03]} Rxa2 {[%emt 0:16:10]} 26. Rf2 {[%emt 0:00:31]} Nxc1 {[%emt 0:05:52]} 27. Rxc1 {[%emt 0:00:28]} Rxf2 {[%emt 0:01:39]} 28. Qxf2 {[%emt 0:00:02]} e5 {[%emt 0:00:01]} 29. Qd2 {[%emt 0:00:50]} exf4 {[%emt 0:07:08]} 30. Qxd6+ {[%emt 0:00:06]} Kg8 {[%emt 0:00:11]} 31. Rb1 {[%emt 0:01:03]} 0-1

[Event "WJCC U20 Girls 2019"]
[Site "New Delhi"]
[Date "2019.10.16"]
[Round "2.20"]
[White "Gomez Barrera, Javiera Belen"]
[Black "Zhu, Jiner"]
[Result "1-0"]
[WhiteElo "2033"]
[BlackElo "2507"]
[Annotator "TA"]
[PlyCount "57"]
[EventDate "2019.10.15"]
[EventType "swiss"]
[EventCountry "IND"]
[SourceTitle "playchess.com"]
[Source "ChessBase"]
[SourceQuality "1"]

{[%evp 20,57,44,52,56,52,43,52,56,52,58,16,88,91,91,79,68,48,78,64,81,72,66,31,46,45,47,39,50,39,44,53,29990,29991,29991,29992,29993,29994,29994,29995]} 1. e4 c5 2. Nf3 d6 3. d4 cxd4 4. Nxd4 Nf6 5. Nc3 a6 6. Be3 e6 7. f3 b5 8. Qd2 Bb7 9. g4 Nfd7 10. O-O-O Nb6 11. Nb3 Nc6 {B80: Sicilian Scheveningen: 6 g3 and 6 Be3, including English Attack} (11... N8d7 12. Na5 Rb8 13. Bd4 Ba8 14. h4 Qc7 15. g5 b4 16. Nb1 e5 17. Bxb6 Rxb6 18. Nc4 Rc6 19. Ne3 {1-0 (70) Aronian,L (2767)-Nakamura,H (2777) Saint Louis 2018}) 12. Qf2 Na4 13. Nxa4 bxa4 {[%cal Bb5a4,Ba4a3][%mdl 32] White is slightly better.} 14. Nc5 a3 $1 15. Nxb7 $146 ({Predecessor:} 15. b3 Bc8 16. Na4 Rb8 17. Kb1 Be7 18. Bb6 Bh4 19. Bxd8 Bxf2 {1-0 (30) Shahade,G (2454)-Novikov,I (2583) New York 2002}) 15... Qb8 (15... axb2+ $1 $11 {keeps the balance.} 16. Kxb2 Qb8) 16. Nxd6+ $16 Bxd6 17. b3 {aiming for Qd2.} O-O 18. Kb1 Rc8 {[#]} 19. f4 $1 Nb4 20. Bd3 $36 {[%mdl 2048] White is on the roll.} Qb7 21. Rhg1 Bf8 22. e5 Rab8 23. f5 a5 24. fxe6 fxe6 25. g5 {Threatens to win with Bxh7+!} a4 $2 {[%mdl 8192] [#]} (25... Nxd3 $14 26. Rxd3 (26. cxd3 $2 a4 $19) 26... a4) 26. Bxh7+ $1 {[%mdl 512] White mates.} Kh8 (26... Kxh7 27. g6+) 27. Bg6 Rc4 28. Bf4 Kg8 29. Qh4 {Accuracy: White = 82%, Black = 47%.} 1-0

[Event "WJCC U20 Girls 2019"]
[Site "New Delhi"]
[Date "2019.10.16"]
[Round "2.21"]
[White "Shuvalova, Polina"]
[Black "Savitha Shri B"]
[Result "1-0"]
[WhiteElo "2412"]
[BlackElo "1916"]
[Annotator "NA RC"]
[PlyCount "73"]
[EventDate "2019.10.15"]
[EventType "swiss"]
[EventCountry "IND"]
[SourceTitle "playchess.com"]
[Source "ChessBase"]
[SourceQuality "1"]
[TimeControl "40/5400+30:1800+30"]

1. e4 {[%emt 0:00:00]} c5 {[%emt 0:00:00]} 2. Nf3 {[%emt 0:00:00]} e6 {[%emt 0:00:00]} 3. c3 {[%emt 0:01:06]} d5 {[%emt 0:00:00]} 4. exd5 {[%emt 0:00:12]} exd5 {[%emt 0:00:00]} 5. d4 {[%emt 0:00:13]} Nc6 {[%emt 0:00:05]} 6. Bb5 {[%emt 0:04:56]} Nf6 {[%emt 0:06:50]} 7. O-O {[%emt 0:00:13]} a6 {[%emt 0:04:50] B22: Sicilian: 2 c3} (7... Be7 8. dxc5 Bxc5 9. Re1+ Be6 10. Be3 Bxe3 11. Rxe3 O-O 12. h3 Qb6 13. a4 Rad8 14. Nd4 Nxd4 15. Qxd4 Qxd4 16. cxd4 {½-½ (74) Jones,G (2682)-Golubov,S (2482) St Petersburg 2018}) 8. Bxc6+ {[%emt 0:08:48]} bxc6 {[%emt 0:00:11]} 9. Qa4 $146 {[%emt 0:00:19]} ({Predecessor:} 9. Re1+ Be6 10. Ne5 Qb6 11. Qb3 Rb8 12. Nxc6 Qxb3 13. axb3 Rb6 14. Na5 cxd4 {1-0 (22) Chigarev,V (1661)-Shustov,D (1760) Kirov 2018}) 9... Bd7 {[%emt 0:04:35]} 10. Bg5 {[%emt 0:07:49]} Be7 {[%emt 0:02:48]} 11. Ne5 {[%emt 0:04:11]} Qc8 {[%emt 0:12:36]} 12. dxc5 {[%emt 0:03:40]} O-O {[%emt 0:00:50]} 13. Nd2 {[%emt 0:02:26]} Bxc5 {[%emt 0:03:27]} 14. Bxf6 {[%emt 0:01:54]} gxf6 {[%emt 0:00:10]} 15. Nxd7 {[%emt 0:02:13]} Qxd7 {[%emt 0:00:08]} 16. Rad1 {[%emt 0:01:29]} Kh8 {[%emt 0:04:22]} 17. Nb3 {[%emt 0:04:44]} Bd6 {[%emt 0:10:24]} 18. Qh4 {[%emt 0:05:08]} Be7 {[%emt 0:03:10]} 19. Rd3 {[%emt 0:05:02]} Rg8 {[%emt 0:03:22]} 20. Re1 {[%emt 0:02:01]} Rae8 {[%emt 0:04:44]} 21. Rh3 {[%emt 0:07:35]} Rg7 {[%emt 0:00:18]} 22. Rhe3 {[%emt 0:01:01]} Reg8 {[%emt 0:02:28]} 23. g3 {[%emt 0:01:13]} Bd8 {[%emt 0:00:21]} 24. Nc5 {[%emt 0:03:03]} Qd6 $18 {[%emt 0:11:06]} (24... Qc8 $16 25. Nd3 Qg4 26. Qxg4 Rxg4) 25. Nb7 {[%emt 0:05:36]} Qc7 {[%emt 0:00:13]} 26. Nxd8 {[%emt 0:00:32]} Qxd8 {[%emt 0:00:05]} 27. Re7 {[%emt 0:00:37]} Qd6 {[%emt 0:01:24]} 28. b4 {[%emt 0:01:39]} f5 {[%emt 0:06:41]} 29. Qd4 {[%emt 0:01:42]} Qg6 {[%emt 0:03:46]} 30. Ra7 {[%emt 0:02:37]} h5 {[%emt 0:10:13]} 31. Rxa6 Rb8 {[%emt 0:01:26]} 32. a4 {[%emt 0:05:30]} Kh7 {[%emt 0:01:08]} 33. b5 {[%emt 0:00:45]} Rc8 {[%emt 0:00:06]} 34. Re5 {[%emt 0:02:14]} f4 {[%emt 0:03:26]} 35. Qxf4 {[%emt 0:00:54]} Kg8 {[%emt 0:00:41]} 36. Kg2 {[%emt 0:01:16]} Qd6 {[%emt 0:01:33]} 37. Re8+ {[%emt 0:00:18]} 1-0

[Event "WJCC U20 Girls 2019"]
[Site "New Delhi"]
[Date "2019.10.16"]
[Round "2.22"]
[White "Tanishka Kotia"]
[Black "Narva, Mai"]
[Result "0-1"]
[WhiteElo "2090"]
[BlackElo "2378"]
[Annotator "NA"]
[PlyCount "68"]
[EventDate "2019.10.15"]
[EventType "swiss"]
[EventCountry "IND"]
[SourceTitle "playchess.com"]
[Source "ChessBase"]
[SourceQuality "1"]
[TimeControl "40/5400+30:1800+30"]

1. e4 {[%emt 0:00:00]} c5 {[%emt 0:00:00]} 2. c3 {[%emt 0:00:00]} Nf6 {[%emt 0:00:00]} 3. e5 {[%emt 0:00:00]} Nd5 {[%emt 0:00:06]} 4. d4 {[%emt 0:00:00]} cxd4 {[%emt 0:00:14]} 5. cxd4 {[%emt 0:00:01]} d6 {[%emt 0:00:18]} 6. Nf3 {[%emt 0:00:09]} Nc6 {[%emt 0:00:12]} 7. Bc4 {[%emt 0:00:13]} Nb6 {[%emt 0:00:14]} 8. Bb5 {[%emt 0:00:14]} Bd7 {[%emt 0:00:18]} 9. Nc3 {[%emt 0:11:23]} dxe5 {[%emt 0:00:39] B22: Sicilian: 2 c3} 10. dxe5 {[%emt 0:03:08]} g6 {[%emt 0:01:09]} 11. O-O {[%emt 0:03:58]} Bg7 {[%emt 0:01:29]} 12. Bf4 $146 {[%emt 0:10:24]} ({Predecessor:} 12. Qe2 O-O {½-½ (42) Vysochin,S (2529)-Eljanov,P (2712) Kiev 2011}) 12... O-O {[%emt 0:03:34]} 13. Qe2 {[%emt 0:00:24]} a6 {[%emt 0:12:54]} 14. Bxc6 {[%emt 0:01:51]} Bxc6 {[%emt 0:00:49]} 15. Rfd1 {[%emt 0:01:39]} Nd5 {[%emt 0:04:57]} 16. Nxd5 {[%emt 0:04:41]} Bxd5 {[%emt 0:00:18]} 17. Qe3 {[%emt 0:01:17]} Rc8 {[%emt 0:04:27]} 18. Bh6 {[%emt 0:06:15]} e6 {[%emt 0:02:22]} 19. h3 {[%emt 0:05:57]} Rc2 {[%emt 0:04:03]} 20. b3 {[%emt 0:17:54]} Qa5 {[%emt 0:02:51]} 21. Bxg7 {[%emt 0:08:07]} Kxg7 {[%emt 0:00:11]} 22. Nh2 {[%emt 0:00:50]} h5 {[%emt 0:04:55]} 23. g4 {[%emt 0:03:53]} Qc3 {[%emt 0:13:03]} 24. Nf1 $19 {[%emt 0:01:24]} hxg4 {[%emt 0:03:10]} 25. Qxc3 {[%emt 0:02:12]} Rxc3 {[%emt 0:00:11]} 26. hxg4 {[%emt 0:02:31]} Rh3 {[%emt 0:01:27]} 27. Ng3 {[%emt 0:00:01]} Rfh8 {[%emt 0:00:44]} 28. Kf1 {[%emt 0:03:47]} Bf3 {[%emt 0:00:24]} 29. Ke1 {[%emt 0:00:07]} Bxd1 {[%emt 0:03:02]} 30. Rxd1 {[%emt 0:00:01]} Rc8 {[%emt 0:01:08]} 31. Rd7 {[%emt 0:00:29]} Rc2 {[%emt 0:02:35]} 32. Rxb7 {[%emt 0:05:01]} Rh2 {[%emt 0:01:13]} 33. Rb4 {[%emt 0:02:35]} Rhxf2 {[%emt 0:00:50]} 34. a4 {[%emt 0:00:22]} Rg2 {[%emt 0:00:33]} 0-1

[Event "WJCC U20 Girls 2019"]
[Site "New Delhi"]
[Date "2019.10.16"]
[Round "2.23"]
[White "Punsalan, Vyanla M"]
[Black "Divya Deshmukh"]
[Result "0-1"]
[WhiteElo "1964"]
[BlackElo "2358"]
[Annotator "TA"]
[PlyCount "70"]
[EventDate "2019.10.15"]
[EventType "swiss"]
[EventCountry "IND"]
[SourceTitle "playchess.com"]
[Source "ChessBase"]
[SourceQuality "1"]

{[%evp 19,70,-20,-21,-42,-13,-29,-18,-23,-8,-50,-18,-37,-11,-56,-54,-36,-28,-60,-21,-27,20,20,12,24,47,-12,-14,-14,-32,-48,-48,-48,-48,-48,-36,-48,-48,-48,-40,-47,-52,-40,-41,-56,-52,-57,-56,-81,-81,-158,-156,-218,-213]} 1. e4 c5 2. c3 Nf6 3. e5 Nd5 4. d4 cxd4 5. Nf3 Nc6 6. cxd4 d6 7. Nc3 dxe5 8. dxe5 Nxc3 9. Qxd8+ Nxd8 10. bxc3 Bd7 11. Bb2 {B22: Sicilian: 2 c3} (11. Be3 e6 12. Nd4 Rc8 13. Kd2 a6 14. Rb1 Bc5 15. Bd3 Ba4 16. f4 b5 17. f5 exf5 18. Nxf5 Ne6 19. Rhe1 {0-1 (58) Sveshnikov,E (2502)-Shirov,A (2685) Jurmala 2016}) 11... e6 $146 ({Predecessor:} 11... g6 12. Bc4 Bg7 13. O-O O-O 14. Rac1 Rc8 15. Bb3 Nc6 16. e6 Bxe6 17. Bxe6 fxe6 18. Ng5 Nd8 {0-1 (58) Farrington,L (1696)-Stracy,D (1796) Wellington 2010}) 12. Be2 Nc6 13. O-O {The position is equal.} Be7 14. Rad1 O-O-O 15. Rfe1 Na5 16. Nd4 Ba4 17. Rb1 Bc5 18. Ba1 Rd5 19. Nb3 Bxb3 (19... Bb6 {looks sharper.} 20. c4 Rd7 21. Rec1 Nc6 22. Bf3 g6) 20. axb3 {[#] Hoping for c4.} Nc6 21. b4 {Black must now prevent c4.} Be7 22. c4 ({Better is} 22. b5 $14 Nb8 23. c4) 22... Rd2 $11 23. c5 Rhd8 24. Kf1 Rc2 25. Rb3 a5 26. bxa5 $1 Nxa5 27. Rf3 Bxc5 28. Bc3 Nb3 $36 {[%mdl 2048] Black is pushing.} 29. Bd1 Nd2+ 30. Bxd2 $1 Rcxd2 31. Be2 R8d7 32. Rc1 b6 33. Bb5 Ra7 34. Ke1 (34. Re3 $142) 34... Rd5 $17 35. Re3 (35. Kf1 $17) 35... Rc7 {Accuracy: White = 36%, Black = 72%.} 0-1

[Event "WJCC U20 Girls 2019"]
[Site "New Delhi"]
[Date "2019.10.16"]
[Round "2.24"]
[White "Eesha Ajay Sarda"]
[Black "Song, Yuxin"]
[Result "1-0"]
[WhiteElo "1744"]
[BlackElo "2292"]
[Annotator "TA"]
[PlyCount "47"]
[EventDate "2019.10.15"]
[EventType "swiss"]
[EventCountry "IND"]
[SourceTitle "playchess.com"]
[Source "ChessBase"]
[SourceQuality "1"]

{[%evp 16,47,2,9,9,10,12,0,22,10,29,12,40,40,32,0,0,-24,-12,-22,-19,-23,-23,-59,0,0,6,8,7,8,134,129,536,514]} 1. e4 c5 2. Nf3 d6 3. d4 cxd4 4. Nxd4 Nf6 5. Nc3 a6 6. Bg5 e6 7. f4 h6 8. Bh4 Qb6 9. a3 Be7 {B96: Sicilian Najdorf: 6 Bg5 e6 7 f4, lines other than 7...Qb6 and 7...Be7} 10. Bf2 {[#] Threatens to win with Nxe6!} Qc7 11. Qf3 Nbd7 {The position is equal.} 12. O-O-O b5 13. g4 Bb7 14. Bg2 (14. h4 Nc5 15. Bd3 h5 16. g5 Ng4 17. Rhg1 {½-½ (25) Grischuk,A (2766)-Vachier Lagrave,M (2779) Saint Louis 2018}) 14... g5 15. Qh3 {next fxg5 is good for White.} O-O-O {[#]} 16. f5 $146 ({Predecessor:} 16. fxg5 hxg5 17. Qg3 {½-½ (26) Tomczak,J (2589)-Sadzikowski,D (2588) Warsaw 2018}) 16... e5 17. Nde2 h5 18. gxh5 Rxh5 19. Qf3 Nc5 (19... g4 $1 $15 20. Qe3 Rdh8) 20. Ng3 $36 {[%mdl 2048] White has good play.} Rh7 21. Qe2 Rdh8 22. h3 g4 (22... Kb8 $11 {remains equal.}) 23. hxg4 $16 Nxg4 $2 {[%mdl 8192] [#]} (23... Rxh1 $16 {is more resistant.} 24. Rxh1 Rxh1+ 25. Nxh1 (25. Bxh1 Nfd7 $16) 25... Nfd7) 24. Rxh7 {Accuracy: White = 63%, Black = 50%.} 1-0